| 000 | 00646nam a2200229Ia 4500 | ||
|---|---|---|---|
| 003 | OSt | ||
| 005 | 20221007072309.0 | ||
| 006 | a|||||r|||| 00| 0 | ||
| 007 | ta | ||
| 008 | 221006b |||||||| |||| 00| 0 eng d | ||
| 024 | _a23,925 | ||
| 037 | _cTextual | ||
| 040 |
_aFLL _cFLL _beng |
||
| 041 |
_2eng _aeng |
||
| 082 | _aZ3:5vN5, H8.1 | ||
| 100 | _aRadzinowicz Leon | ||
| 245 | 0 | _aHistory of englishe criminal law and its administration from 1750 | |
| 260 |
_aLondon _bStevens & Sons Limited UK _c1948 |
||
| 300 |
_axxiv,853p _ccm. |
||
| 942 |
_hZ3:5vN5, H8.1 _cTEXL _2CC |
||
| 999 |
_c1145668 _d1145668 |
||